Statistics for MLB Franchise by Mascot

Click here to take the quiz!

General Stats

  • This quiz has been taken 35 times
  • The average score is 14 of 27

Answer Stats

Hint Answer % Correct
The _______ PhanaticPhiladelphia Phillies
96%
Wally the Green Monster; TessieBoston Red Sox
84%
OrbitHouston Astros
84%
Barrelman; Bernie ______; SausagesMilwaukee Brewers
80%
The Pierogis; ______ ParrotPittsburgh Pirates
80%
The Racing Presidents; ScreechWashington Nationals
72%
Gapper; Mr. ___; Mr. ___legs; Rosie ___Cincinnati Reds
64%
Mr. ___; Mrs. ___New York Mets
64%
______ BirdBaltimore Orioles
60%
_______ MooseSeattle Mariners
60%
Swinging FriarSan Diego Padres
56%
Lou SealSan Francisco Giants
56%
Billy the ______Miami Marlins
52%
Fredbird; Rally SquirrelSt. Louis Cardinals
52%
PawsDetroit Tigers
48%
ClarkChicago Cubs
48%
T.C. BearMinnesota Twins
44%
Baxter the Bobcat; _-____ LuchadorArizona Diamondbacks
40%
SouthpawChicago White Sox
40%
DingerColorado Rockies
40%
DJ Kitty; RaymondTampa Bay Rays
36%
Homer; BlooperAtlanta Braves
32%
SluggerrrKansas City Royals
28%
Ace; JuniorToronto Blue Jays
28%
SliderCleveland Indians
24%
_______ CaptainTexas Rangers
20%
StomperOakland Athletics
20%

Score Distribution

Percentile by Number Answered

Percent of People with Each Score

Your Score History

You have not taken this quiz